Traité de toxicologie / (Record no. 91459)

MARC details
000 -LEADER
campo de control de longitud fija 00545nam a2200181 i 4500
001 - NÚMERO DE CONTROL
campo de control 91459
003 - IDENTIFICADOR DE NÚMERO DE CONTROL
campo de control ES-MaACL
005 - FECHA Y HORA DE LA ÚLTIMA TRANSACCIÓN
campo de control 20230906180727.0
007 - CAMPO FIJO DE DESCRIPCIÓN FÍSICA--INFORMACIÓN GENERAL
campo de control de longitud fija t|
008 - DATOS DE LONGITUD FIJA--INFORMACIÓN GENERAL
campo de control de longitud fija 050131s1903 fr |||| | fre d
100 1# - ENTRADA PRINCIPAL--NOMBRE DE PERSONA
Nombre de persona Lewin, Louis.
9 (RLIN) 72029
245 10 - MENCIÓN DEL TÍTULO
Título Traité de toxicologie /
Mención de responsabilidad, etc. par L. Lewin ; traduit et annoté par G. Pouchet.
260 ## - PUBLICACIÓN, DISTRIBUCIÓN, ETC.
Lugar de publicación, distribución, etc. Paris :
Nombre del editor, distribuidor, etc. Octave Doin,
Fecha de publicación, distribución, etc. 1903 (
Lugar de fabricación/manufactura Dijon :
Fabricante Darantiére)
300 ## - DESCRIPCIÓN FÍSICA
Extensión VI, 1120 p. ;
Dimensiones 25 cm.
650 #4 - PUNTO DE ACCESO ADICIONAL DE MATERIA--TÉRMINO DE MATERIA
Término de materia o nombre geográfico como elemento de entrada Toxicología.
9 (RLIN) 136941
700 1# - ENTRADA AGREGADA--NOMBRE PERSONAL
Nombre de persona Pouchet, Gabriel.
9 (RLIN) 93423
852 ## - LOCALIZACIÓN
Ubicación ES-MaACL
Número de control de estantería G-14166
Holdings
Estatus retirado Estado de pérdida Estado de daño No para préstamo Biblioteca de origen Biblioteca actual Ubicación en estantería Fecha de adquisición Fuente de adquisición Total de préstamos Signatura topográfica completa Código de barras Visto por última vez Precio de reemplazo Tipo de ítem Koha
        Biblioteca del Ateneo de Madrid Biblioteca del Ateneo de Madrid Sala Pecera Planta 3 17/01/2008     G-14166 1095484 23/02/2023 23/02/2023 Libro impreso